Código de derecho canónico

Αποθηκεύτηκε σε:
Λεπτομέρειες βιβλιογραφικής εγγραφής
Κύριοι συγγραφείς: Acebal Luján, Juan Luis (Συγγραφέας), Aznar, Federico (Συγγραφέας), Sanz, Mariano (Συγγραφέας)
Άλλοι συγγραφείς: Manzanares Marijuán, Julio (autor)
Μορφή: Βιβλίο
Γλώσσα:Ισπανικά
Λατινικά
Έκδοση: Madrid BAC 1995
Έκδοση:13a. ed
Σειρά:Biblioteca de Autores Cristianos, 442
Θέματα:
Ετικέτες: Προσθήκη ετικέτας
Δεν υπάρχουν, Καταχωρήστε ετικέτα πρώτοι!

MARC

LEADER 00000cam a2200000 a 4500
001 UCM9975
003 CL-VaPUC
008 030530e19950000SP |||||||||||||||||spa|d
041 0 7 |a spa  |2 CL-VaPUC 
041 0 7 |a lat  |2 CL-VaPUC 
082 0 4 |a 262.9  |b ACE  |2 21 
100 0 |a Acebal Luján, Juan Luis  |e author  |9 476658 
700 0 |a Aznar, Federico  |e author  |9 476659 
700 |a Manzanares Marijuán, Julio  |e autor  |9 623235 
700 0 |a Sanz, Mariano  |e author  |9 476661 
245 1 0 |a Código de derecho canónico 
250 |a 13a. ed 
300 |a 973 p 
942 |c BK 
945 |d 20030530 00:00:00  |a cmena 
260 |a Madrid  |b BAC  |c 1995 
500 |a Edición bilingüe comentada 
650 7 |a DERECHO CANONICO  |2 CL-VaPUC  |9 476662 
650 0 |a Jurisprudencia  |9 255952 
650 0 |a Cristianismo  |9 257361 
650 7 |a IGLESIA Y SOCIEDAD  |2 CL-VaPUC  |9 399674 
650 0 |a Iglesia y Estado  |9 254995 
650 0 |a Iglesia Católica  |9 256114 
583 |a last modification  |c 20150520 04:33:45  |k Rodrigo Vera 
490 0 |a Biblioteca de Autores Cristianos, 442 
999 |c 304041  |d 304039 
952 |0 0  |1 0  |4 0  |6 262_900000000000000_ACE_1995  |7 0  |8 A  |9 365791  |a BIBDER  |b BIBDER  |d 2019-11-21  |i 3909352  |l 1  |o 262.9 ACE 1995  |p 3909352  |r 2024-08-05  |s 2024-08-05  |w 2019-11-21  |y BK  |k DER 
952 |0 0  |1 0  |3 erd  |4 0  |6 262_900000000000000_ACE_1995  |7 0  |8 A  |9 365792  |a BIBTEO  |b BIBTEO  |e Casale Rolle, Carlos Ignacio, -2014  |i 5173833  |l 4  |m 1  |o 262.9 ACE 1995  |p 5173833  |r 2025-01-17  |s 2022-11-21  |w 2019-11-21  |y BK  |z Catalogado en:20150520  |k ICR